| 000 | 00749cam a22002533a 4500 | ||
|---|---|---|---|
| 001 | 15277 | ||
| 003 | PGUSA | ||
| 005 | 20140828083328.0 | ||
| 008 | 050307s2005||||xxu|||||s|||||000 | eng d | ||
| 040 |
_aPGUSA _beng |
||
| 042 | _adc | ||
| 050 | 4 | _aDA | |
| 100 | 1 |
_aKettle, Tom, _d1880-1916 |
|
| 245 | 1 | 4 |
_aThe Open Secret of Ireland _h[electronic resource] / _cTom Kettle |
| 260 |
_bProject Gutenberg, _c2005 |
||
| 506 | _aPublic domain in the USA. | ||
| 516 | _aElectronic text | ||
| 653 | _aHome rule -- Ireland | ||
| 653 | _aUnionism (Irish politics) | ||
| 653 | _aUlster (Northern Ireland and Ireland) -- Politics and government | ||
| 830 | 0 |
_aProject Gutenberg _v15277 |
|
| 856 | 4 | 0 | _uhttp://www.gutenberg.org/ebooks/15277 |
| 942 | _cEB | ||
| 999 |
_c244532 _d244532 |
||